[Event "Bodo CC-ch"]
[Site "Bodo"]
[Date "2018.??.??"]
[Round "4"]
[White "Lien, Harald"]
[Black "Holand, Per Fredrik"]
[Result "0-1"]
[WhiteElo "1494"]
[BlackElo "1792"]
[PlyCount "94"]
[EventDate "2018.01.30"]
[EventType "swiss (rapid)"]
[EventRounds "9"]
[EventCountry "NOR"]
[SourceTitle "EXT 2024"]
[Source "ChessBase"]
[SourceDate "2023.10.10"]
[SourceVersion "1"]
[SourceVersionDate "2023.10.10"]
[SourceQuality "1"]

1. e4 c5 2. Nf3 d6 3. Bd3 Nc6 4. c3 Nf6 5. Bc2 g6 6. h3 Bg7 7. d3 b5 8. Be3 a5 9. Qd2 h5 10. Ng5 0-0 11. 0-0 e5 12. Qe2 Nh7 13. Nf3 f5 14. exf5 gxf5 15. Bc1 Rb8 16. Re1 d5 17. Nbd2 e4 18. dxe4 fxe4 19. Nh2 Qh4 20. Ndf1 Ng5 21. Bxg5 Qxg5 22. Kh1 a4 23. a3 Ne5 24. Qe3 Qxe3 25. Nxe3 Rxf2 26. Bd1 d4 27. Nc2 Bf5 28. cxd4 Nd3 29. Rf1 Rxf1+ 30. Nxf1 cxd4 31. Bxh5 Nxb2 32. g4 Be6 33. Rb1 d3 34. Nce3 Nc4 35. Bg6 Nxe3 36. Nxe3 Bd4 37. Bxe4 Bxe3 38. Bxd3 Bd5+ 39. Kh2 Bf4+ 40. Kg1 Bb3 41. Kf2 Bd6 42. Ke2 Bxa3 43. g5 Kg7 44. h4 Rh8 45. Rh1 Bd5 46. Rh3 Bc1 47. Bxb5 a3 0-1